[Event "Nis"]
[Site "?"]
[Date "1993.??.??"]
[Round "?"]
[White "Marjanovic, S."]
[Black "Tosic, M."]
[Result "1/2-1/2"]
[WhiteElo "2445"]
[BlackElo "2465"]
[PlyCount "139"]
[EventDate "1993.??.??"]
[Source "ChessBase"]
[SourceDate "1993.10.01"]

1. e4 c5 2. Nf3 e6 3. d4 cxd4 4. Nxd4 a6 5. Bd3 Nf6 6. O-O d6 7. c4 g6 8. Nc3 Bg7 9. Be3 O-O 10. Be2 Nbd7 11. Qd2 Nc5 12. f3 Re8 13. Rfd1 Qc7 14. Nc2 Bf8 15. Bf4 Qb6 16. Kh1 Nh5 17. Be3 Qc7 18. g4 Nf6 19. Bf4 e5 20. Bg5 Nfd7 21. Nd5 Qb8 22. Bh6 Ne6 23. Bxf8 Nexf8 24. Qh6 b6 25. Nce3 Bb7 26. Nf5 gxf5 27. gxf5 Bxd5 28. Rxd5 Ng6 29. Rad1 Re7 30. fxg6 hxg6 31. Rxd6 Qc7 32. c5 b5 33. b4 Nf8 34. Rg1 Re6 35. Rg3 Qe7 36. Rh3 Qf6 37. Rxe6 fxe6 38. Rg3 Ra7 39. Qg5 Kg7 40. Qxf6+ Kxf6 41. Rg1 g5 42. a4 Ng6 43. Ra1 Rd7 44. axb5 axb5 45. Bxb5 Rd2 46. c6 Nh4 47. Rf1 Ke7 48. Ba4 Kd6 49. Rd1 Nxf3 50. Rxd2+ Nxd2 51. b5 Kc7 52. Bc2 Nf3 53. h3 Kb6 54. Bd3 Kc7 55. Bf1 Nd2 56. Bg2 Nc4 57. Kh2 Nd6 58. Kg3 Nxb5 59. Kg4 Kxc6 60. Kxg5 Kd7 61. Kf6 Ke8 62. Kg7 Nd6 63. h4 Ke7 64. h5 Ne8+ 65. Kg6 Kf8 66. Bh3 Kg8 67. Bxe6+ Kh8 68. Kf5 Nd6+ 69. Kxe5 Nxe4 70. Kxe4 1/2-1/2

[Event "Bundesliga 0203"]
[Site "Germany"]
[Date "2002.10.19"]
[Round "1"]
[White "Berndt, Stephan"]
[Black "Espig, Lutz"]
[Result "1-0"]
[WhiteElo "2482"]
[BlackElo "2425"]
[PlyCount "107"]
[EventDate "2002.10.19"]
[Source "ChessBase"]
[SourceDate "2002.11.06"]

1. e4 c5 2. Nf3 e6 3. d4 cxd4 4. Nxd4 a6 5. Bd3 Nf6 6. O-O d6 7. c4 g6 8. Nc3 Bg7 9. Nf3 O-O 10. Bf4 Ng4 11. Be2 Ne5 12. Nxe5 dxe5 13. Qxd8 Rxd8 14. Bg5 Re8 15. Na4 Nc6 16. Nb6 Rb8 17. Rfc1 Bf8 18. c5 Be7 19. Be3 Rd8 20. Rd1 Nd4 21. Bxd4 exd4 22. Rac1 e5 23. Bc4 Bd7 24. b4 Bc6 25. Bd5 Bb5 26. Rc2 Kg7 27. a4 Be8 28. Rb1 f5 29. f3 Bg5 30. Rb3 fxe4 31. fxe4 Be3+ 32. Kf1 g5 33. Rxe3 dxe3 34. Ke2 Bc6 35. Kxe3 Rf8 36. Rb2 Rf1 37. b5 axb5 38. axb5 Be8 39. Nc4 Rc1 40. Kd2 Rf1 41. Kc3 Bf7 42. Nxe5 Bxd5 43. exd5 Rd1 44. Nd3 Ra8 45. Rb3 Kf6 46. b6 Ke7 47. Kc4 Rd2 48. Nb4 Rxg2 49. Rh3 Rg4+ 50. Kb5 Ra1 51. d6+ Kd8 52. Nc6+ bxc6+ 53. Kxc6 Rh4 54. b7 1-0

[Event "It (Open) Moscow RUS"]
[Site "?"]
[Date "2006.02.10"]
[Round "4"]
[White "Nepomniachtchi Ian"]
[Black "Chibukhchian Artur"]
[Result "1/2-1/2"]
[WhiteElo "2506"]
[BlackElo "2400"]
[PlyCount "94"]
[EventDate "2006.??.??"]
[Source "www.chesslib.no"]
[SourceDate "2004.05.04"]

1. e4 c5 2. Nf3 e6 3. d4 cxd4 4. Nxd4 a6 5. Bd3 Nf6 6. O-O d6 7. c4 g6 8. Nc3 Bg7 9. Be3 O-O 10. Rc1 Nbd7 11. f3 b6 12. Qd2 Bb7 13. Rfd1 Rc8 14. Bf1 Re8 15. b4 Qe7 16. Na4 d5 17. e5 Nxe5 18. Nxb6 Nxc4 19. Bxc4 dxc4 20. Nxc8 Rxc8 21. Ne2 Nd5 22. Bd4 Nxb4 23. Rb1 Nd3 24. Bxg7 Kxg7 25. Qe3 Bd5 26. Qd4+ e5 27. Qe3 Qc5 28. Qxc5 Rxc5 29. Nc3 Be6 30. Rb7 Ra5 31. a4 Nc5 32. Ra7 Nd3 33. Rb1 Nc5 34. g4 g5 35. Rb6 Kg6 36. Rb8 h5 37. Rg8+ Kh6 38. h3 hxg4 39. hxg4 Nxa4 40. Ne4 Nc5 41. Nxg5 c3 42. Nxe6 Nxe6 43. Rc8 Nf4 44. Rac7 Kg5 45. Kf2 Ra2+ 46. Kf1 Ra1+ 47. Kf2 Ra2+ 1/2-1/2

[Event "EU-chT (Men)"]
[Site "Haifa"]
[Date "1989.??.??"]
[Round "1"]
[White "Rantanen, Yrjo A"]
[Black "Cvitan, Ognjen"]
[Result "0-1"]
[WhiteElo "2380"]
[BlackElo "2515"]
[PlyCount "82"]
[EventDate "1989.11.??"]
[Source "ChessBase"]

1. e4 c5 2. Nf3 e6 3. d4 cxd4 4. Nxd4 a6 5. Bd3 Nf6 6. O-O d6 7. c4 g6 8. Nc3 Bg7 9. Bg5 Nbd7 10. Be2 b6 11. Qd2 Bb7 12. Rad1 h6 13. Bh4 O-O 14. Nf3 Bxe4 15. Nxe4 Nxe4 16. Bxd8 Nxd2 17. Be7 Nxf1 18. Rxd6 Ra7 19. Bxf8 Kxf8 20. b3 Nxh2 21. Nxh2 Rc7 22. Nf3 Ke7 23. Rd1 Nc5 24. Ne1 Ne4 25. Bd3 Rd7 26. Rc1 Nc3 27. Rc2 a5 28. Kf1 f5 29. f3 h5 30. g3 g5 31. Rh2 Be5 32. Rxh5 Bxg3 33. Rxg5 Bxe1 34. Rg7+ Ke8 35. Rxd7 Kxd7 36. Kxe1 Nxa2 37. Kd2 Kd6 38. f4 Kc5 39. Bb1 Nb4 40. Kc3 a4 41. bxa4 Nc6 0-1

[Event "Biel Open"]
[Site "Biel SUI"]
[Date "1990.??.??"]
[Round "11"]
[White "Apicella, Manuel"]
[Black "Bischoff, Klaus"]
[Result "1/2-1/2"]
[WhiteElo "2390"]
[BlackElo "2505"]
[PlyCount "79"]
[EventDate "1990.07.??"]
[Source "www.chesslib.no"]
[SourceDate "2004.05.04"]

1. e4 c5 2. Nf3 e6 3. d4 cxd4 4. Nxd4 a6 5. Bd3 d6 6. O-O Nf6 7. c4 g6 8. Nc3 Bg7 9. Be3 O-O 10. Qe2 Nbd7 11. f4 Qc7 12. Rae1 b6 13. Kh1 Bb7 14. Bg1 Rfe8 15. Nf3 Rad8 16. Bb1 Rc8 17. Nd2 Bc6 18. Nb3 Ba8 19. Bd4 Nc5 20. Nxc5 bxc5 21. Bf2 Nd7 22. Qd2 Nb8 23. Rd1 Rcd8 24. Bh4 Rd7 25. f5 Nc6 26. f6 Bf8 27. Bg5 Rb8 28. b3 Ne5 29. Qf4 Qd8 30. Rde1 h5 31. h3 Bc6 32. Kg1 a5 33. g4 a4 34. Bc2 axb3 35. axb3 h4 36. Bxh4 Ra7 37. Re3 Ra3 38. Bg5 Rba8 39. h4 Ra1 40. h5 1/2-1/2

[Event "JUG-chT (Women)"]
[Site "Novi Sad"]
[Date "1996.??.??"]
[Round "?"]
[White "Bojkovic, Natasa"]
[Black "Ioseliani, Nana"]
[Result "1/2-1/2"]
[WhiteElo "2400"]
[BlackElo "2485"]
[PlyCount "70"]
[EventDate "1996.??.??"]
[Source "www.chesslib.no"]
[SourceDate "2004.05.04"]

1. e4 c5 2. Nf3 e6 3. d4 cxd4 4. Nxd4 a6 5. Bd3 Nf6 6. O-O d6 7. c4 g6 8. Nc3 Bg7 9. Nf3 Nc6 10. Bf4 O-O 11. Bc2 e5 12. Be3 Be6 13. Nd5 b5 14. Nxf6+ Bxf6 15. cxb5 axb5 16. Bb3 Qd7 17. Ng5 Bxb3 18. Qxb3 Na5 19. Qd5 Nc4 20. Bc1 Nb6 21. Qd3 d5 22. exd5 Qxd5 23. Qxd5 Nxd5 24. Rd1 Rfd8 25. Ne4 Bg7 26. Bd2 b4 27. Kf1 h6 28. Bxh6 Bxh6 29. Rxd5 Bg7 30. Rxd8+ Rxd8 31. a3 f5 32. Nc5 bxa3 33. Rxa3 e4 34. Ne6 Bxb2 35. Nxd8 Bxa3 1/2-1/2

[Event "New York Open"]
[Site "New York, NY USA"]
[Date "1985.??.??"]
[Round "1"]
[White "Dehmelt, Karl"]
[Black "Seirawan, Yasser"]
[Result "1/2-1/2"]
[WhiteElo "2320"]
[BlackElo "2560"]
[PlyCount "52"]
[EventDate "1985.03.??"]
[Source "www.chesslib.no"]
[SourceDate "2004.05.04"]

1. e4 c5 2. Nf3 e6 3. d4 cxd4 4. Nxd4 a6 5. Bd3 Nf6 6. O-O d6 7. c4 g6 8. Nc3 Bg7 9. Be3 O-O 10. Qe2 Nbd7 11. Rfd1 Qc7 12. Rac1 b6 13. f3 Bb7 14. Qf2 Rac8 15. Bf1 Qb8 16. Nb3 Nc5 17. Nxc5 dxc5 18. Qh4 Nh5 19. Rd3 f5 20. exf5 exf5 21. Rcd1 Rce8 22. Bc1 Bd4+ 23. Rxd4 cxd4 24. Qxd4 f4 25. Qxb6 Qe5 26. Nd5 Rf7 1/2-1/2

[Event "JUG-Cup final"]
[Site "Pula CRO"]
[Date "1991.??.??"]
[Round "5"]
[White "Nurkic, Sahbaz"]
[Black "Strikovic, Aleksa"]
[Result "1/2-1/2"]
[WhiteElo "2385"]
[BlackElo "2495"]
[PlyCount "40"]
[EventDate "1991.??.??"]
[Source "www.chesslib.no"]
[SourceDate "2004.05.04"]

1. e4 c5 2. Nf3 e6 3. d4 cxd4 4. Nxd4 a6 5. Bd3 Nf6 6. O-O d6 7. c4 g6 8. Nc3 Bg7 9. h3 O-O 10. Be3 Nbd7 11. Rc1 d5 12. cxd5 exd5 13. Nf3 dxe4 14. Nxe4 Nxe4 15. Bxe4 Nf6 16. Qxd8 Rxd8 17. Rfd1 Re8 18. Bd3 Be6 19. Bc4 Bxc4 20. Rxc4 Rac8 1/2-1/2

[Event "Capablanca mem-A"]
[Site "Cuba"]
[Date "1993.??.??"]
[Round "11"]
[White "Henao, Raul Fernando"]
[Black "Aldama, Degurnay"]
[Result "1/2-1/2"]
[WhiteElo "2405"]
[BlackElo "2470"]
[PlyCount "76"]
[EventDate "1993.??.??"]
[Source "ChessBase"]

1. e4 c5 2. Nf3 e6 3. d4 cxd4 4. Nxd4 a6 5. Bd3 Nf6 6. O-O d6 7. c4 g6 8. Nc3 Bg7 9. Qe2 Qc7 10. Be3 Nbd7 11. Rac1 b6 12. Rfd1 Bb7 13. f3 O-O 14. Qf2 Rac8 15. Bf1 Rfe8 16. Nc2 Bf8 17. Kh1 h5 18. Bf4 Ne5 19. Ne3 Be7 20. h3 h4 21. Bg5 Nh5 22. Bxh4 g5 23. Bg3 Nxg3+ 24. Qxg3 Ng6 25. Qf2 Red8 26. Ng4 Kg7 27. Qd4+ f6 28. Na4 Rb8 29. Nxb6 Rh8 30. b4 Rbd8 31. Na4 Nf4 32. Qb2 Kg6 33. c5 d5 34. c6 Bc8 35. Nc5 Nh5 36. Kg1 dxe4 37. Rxd8 Rxd8 38. Nxe4 f5 1/2-1/2

[Event "op-06"]
[Site "Malaga"]
[Date "2003.02.23"]
[Round "5.5"]
[White "Cheparinov, Ivan"]
[Black "Kovacevic, Slobodan"]
[Result "1/2-1/2"]
[WhiteElo "2478"]
[BlackElo "2396"]
[PlyCount "42"]
[EventDate "2003.02.21"]
[Source "Roberto Alvarez"]
[SourceDate "2003.02.24"]

1. e4 c5 2. Nf3 e6 3. d4 cxd4 4. Nxd4 a6 5. Bd3 Nf6 6. O-O g6 7. c4 d6 8. Nc3 Bg7 9. f4 Nc6 10. Nf3 Qe7 11. Kh1 Nd7 12. b3 O-O 13. Bb2 Nc5 14. Qc2 b5 15. cxb5 axb5 16. Nxb5 Ba6 17. a4 Rfd8 18. Nfd4 Nxd4 19. Bxd4 f6 20. Rfd1 Qb7 21. b4 Nd7 1/2-1/2

[Event "Buenos Aires GP"]
[Site "Buenos Aires ARG"]
[Date "1991.??.??"]
[Round "9"]
[White "Adla, Diego G"]
[Black "Giardelli, Sergio C"]
[Result "1/2-1/2"]
[WhiteElo "2435"]
[BlackElo "2435"]
[PlyCount "81"]
[EventDate "1991.??.??"]
[Source "www.chesslib.no"]
[SourceDate "2004.05.04"]

1. e4 c5 2. Nf3 e6 3. d4 cxd4 4. Nxd4 a6 5. Bd3 Nf6 6. O-O d6 7. c4 g6 8. Nc3 Bg7 9. Be3 O-O 10. f3 Nbd7 11. Nb3 b6 12. Qd2 Qc7 13. Rfd1 Re8 14. Bf1 Bf8 15. Rac1 Bb7 16. Qf2 Rac8 17. Na1 Qb8 18. Nb3 Ne5 19. Bxb6 Nxc4 20. Ba7 Qa8 21. Bxc4 Rxc4 22. Na5 Rcc8 23. Nxb7 Qxb7 24. Bd4 Nd7 25. Qd2 Rc6 26. Be3 Nb6 27. b3 Rec8 28. Ne2 d5 29. Rxc6 Rxc6 30. exd5 Nxd5 31. Bd4 Qc8 32. Rc1 Bc5 33. Rc4 Nb6 34. Rxc5 Rxc5 35. Bxc5 Qxc5+ 36. Qd4 Qa5 37. b4 Qxa2 38. Qd8+ Kg7 39. Qd4+ f6 40. Qxb6 Qxe2 41. Qc7+ 1/2-1/2

[Event "Saiz mem CUB"]
[Site "?"]
[Date "1993.??.??"]
[Round "10"]
[White "Lugo, B."]
[Black "Aldama, D."]
[Result "1/2-1/2"]
[WhiteElo "2400"]
[BlackElo "2460"]
[PlyCount "45"]
[EventDate "1993.??.??"]
[Source "www.chesslib.no"]
[SourceDate "2004.05.04"]

1. e4 c5 2. Nf3 e6 3. d4 cxd4 4. Nxd4 a6 5. Bd3 Nf6 6. O-O d6 7. c4 g6 8. Qe2 Bg7 9. Nc3 O-O 10. Rd1 Qc7 11. Nf3 Nbd7 12. Bf4 Nh5 13. Be3 Re8 14. Qd2 Bf8 15. Be2 b6 16. Bh6 Be7 17. Bg5 Nhf6 18. Rac1 Bb7 19. Qf4 Rac8 20. Qh4 Kg7 21. Bh6+ Kg8 22. Bg5 Kg7 23. Bh6+ 1/2-1/2

[Event "Dresden op"]
[Site "Dresden"]
[Date "1996.??.??"]
[Round "7"]
[White "Stolz, Mike"]
[Black "Kengis, Edvins"]
[Result "0-1"]
[WhiteElo "2300"]
[BlackElo "2560"]
[PlyCount "100"]
[EventDate "1996.07.??"]
[Source "ChessBase"]

1. e4 c5 2. Nf3 e6 3. d4 cxd4 4. Nxd4 a6 5. Bd3 Nf6 6. O-O d6 7. c4 g6 8. Nc3 Bg7 9. Be3 Nbd7 10. Rc1 O-O 11. f3 Re8 12. Qd2 Ne5 13. Rfd1 d5 14. cxd5 exd5 15. exd5 Nxd5 16. Nxd5 Nxd3 17. Qxd3 Qxd5 18. b3 Bd7 19. Bf2 Rac8 20. Rxc8 Bxc8 21. Rd2 h5 22. h4 Qd6 23. Qc4 Qf4 24. Qc2 Rd8 25. g3 Qf6 26. Qc7 Qd6 27. Qxd6 Rxd6 28. Be3 b5 29. Kf2 Bb7 30. Ne2 Bf8 31. Rxd6 Bxd6 32. Bd4 Kf8 33. Nc3 f5 34. Ne2 Kf7 35. Nf4 a5 36. Nd3 Bd5 37. Nf4 Bc6 38. Nd3 Be8 39. Bc5 Bc7 40. a3 Ke6 41. f4 Kd5 42. Ke3 a4 43. b4 Kc4 44. Bd4 Bd6 45. Nc5 Bc6 46. Be5 Bxc5+ 47. bxc5 Kb3 48. Kd3 Kxa3 49. Kc3 b4+ 50. Kc2 Ka2 0-1

[Event "Pardubice KB op"]
[Site "Pardubice"]
[Date "2000.07.28"]
[Round "8"]
[White "Fogarasi, Tibor"]
[Black "Espig, Lutz"]
[Result "1/2-1/2"]
[WhiteElo "2456"]
[BlackElo "2401"]
[PlyCount "129"]
[EventDate "2000.07.21"]
[Source "www.chesslib.no"]
[SourceDate "2004.05.04"]

1. e4 c5 2. Nf3 e6 3. d4 cxd4 4. Nxd4 a6 5. Bd3 Nf6 6. O-O d6 7. c4 g6 8. Nc3 Bg7 9. Be3 O-O 10. h3 Qc7 11. Qd2 b6 12. f4 Nbd7 13. Rac1 Bb7 14. b4 Rae8 15. Nb3 Rc8 16. Rfd1 Qb8 17. Qe2 Rfd8 18. Bb1 Ba8 19. Bd2 Ne8 20. Bd3 Rc7 21. a3 Rdc8 22. Kh1 b5 23. Na5 Nb6 24. Nb1 bxc4 25. Nxc4 Na4 26. e5 dxe5 27. Nxe5 Nb2 28. Bxa6 Nxd1 29. Bxc8 Qxc8 30. Qxd1 Bd5 31. Nc3 Ba8 32. Ne2 Qb7 33. Qf1 Qa6 34. Rxc7 Nxc7 35. Bc1 Qd6 36. Bb2 Nd5 37. Qc1 Bb7 38. Qc5 Qd8 39. Bd4 g5 40. Nd3 Bf8 41. Qb5 Qc8 42. Nc5 Bc6 43. Qc4 gxf4 44. Be5 Bh6 45. Nxf4 Nxf4 46. Bxf4 Bd5 47. Qd4 Bg7 48. Be5 f6 49. Bg3 Qe8 50. Nd3 Bb7 51. Qb6 Qc6 52. Qxc6 Bxc6 53. Nc5 e5 54. a4 Bf8 55. a5 Bxc5 56. bxc5 Bb7 57. Kg1 Kf7 58. Kf2 Ke6 59. Bh4 f5 60. g3 Kd5 61. Bf6 Kxc5 62. Bxe5 Kb5 63. Bc7 h5 64. Ke3 Bg2 65. h4 1/2-1/2

[Event "Bad Woerishofen Open"]
[Site "Bad Woerishofen GER"]
[Date "1991.??.??"]
[Round "4"]
[White "Veroci, Zsuzsa"]
[Black "Hjartarson, Johann"]
[Result "1/2-1/2"]
[WhiteElo "2320"]
[BlackElo "2535"]
[PlyCount "60"]
[EventDate "1991.11.??"]
[Source "www.chesslib.no"]
[SourceDate "2004.05.04"]

1. e4 c5 2. Nf3 e6 3. d4 cxd4 4. Nxd4 a6 5. Bd3 Nf6 6. O-O d6 7. c4 g6 8. Nc3 Bg7 9. Be3 O-O 10. Rc1 Nbd7 11. f3 d5 12. cxd5 exd5 13. exd5 Nb6 14. d6 Nbd5 15. Nxd5 Nxd5 16. Bf2 Qxd6 17. Nb3 Nf4 18. Be4 Qxd1 19. Rcxd1 Bxb2 20. Bc5 Re8 21. Rfe1 a5 22. Bd6 Ne6 23. Bd5 Rd8 24. Be7 Rd7 25. Rxe6 Rxd5 26. Rxg6+ hxg6 27. Rxd5 b6 28. Rd8+ Kg7 29. Nd4 Bb7 30. Rd6 Bxd4+ 1/2-1/2

[Event "IX Guillermo Garcia Mem Alfil, Santa Cl"]
[Site "?"]
[Date "2001.??.??"]
[Round "?"]
[White "Herrera, I."]
[Black "Mateo, Ra"]
[Result "1-0"]
[WhiteElo "2430"]
[BlackElo "2420"]
[PlyCount "89"]
[EventDate "2001.??.??"]
[Source "www.chesslib.no"]
[SourceDate "2004.05.04"]

1. e4 c5 2. Nf3 e6 3. d4 cxd4 4. Nxd4 a6 5. Bd3 Nf6 6. O-O d6 7. c4 g6 8. Nc3 Bg7 9. Nf3 Qc7 10. Qe2 Nbd7 11. Bf4 Ng4 12. Rac1 Nge5 13. Nxe5 Nxe5 14. b3 Bd7 15. Bb1 O-O 16. Rfd1 Rfd8 17. Bg5 Re8 18. Qd2 Qa5 19. Bh6 Bc6 20. Bxg7 Kxg7 21. Ne2 Qxd2 22. Rxd2 Red8 23. Rcd1 a5 24. f4 Nd7 25. Rxd6 Rdc8 26. Rxd7 Bxd7 27. Rxd7 Rd8 28. Rd3 Rxd3 29. Bxd3 Rd8 30. Nc1 e5 31. fxe5 Re8 32. Kf2 Rxe5 33. Ne2 Rh5 34. h3 Kf6 35. Nf4 Rc5 36. Ke3 Rg5 37. Kf3 Rc5 38. a3 Rc8 39. Ke3 Ke5 40. Be2 f6 41. b4 axb4 42. axb4 b6 43. Nd3+ Kd6 44. Kd4 Ke6 45. Nf4+ 1-0

[Event "Olot op"]
[Site "?"]
[Date "1994.??.??"]
[Round "9"]
[White "Vehi, V."]
[Black "Vidarte, A."]
[Result "1/2-1/2"]
[WhiteElo "2455"]
[BlackElo "2385"]
[PlyCount "83"]
[EventDate "1994.??.??"]
[Source "www.chesslib.no"]
[SourceDate "2004.05.04"]

1. e4 c5 2. Nf3 e6 3. d4 cxd4 4. Nxd4 a6 5. Bd3 Nf6 6. O-O d6 7. c4 g6 8. Nc3 Bg7 9. Be3 O-O 10. Re1 b6 11. f3 Bb7 12. Qd2 Nbd7 13. Bf1 Qc7 14. Rac1 Rac8 15. b4 Qb8 16. Nb3 Rfe8 17. Kh1 Bf8 18. a3 d5 19. cxd5 exd5 20. Nxd5 Nxd5 21. Rxc8 Rxc8 22. exd5 Bd6 23. Bh6 Be5 24. Nd4 Nf6 25. f4 Bd6 26. Nc6 Bxc6 27. dxc6 Ng4 28. Bxa6 Rxc6 29. Bb5 Rc8 30. Bg5 h6 31. Bd7 Rf8 32. Be7 Bxe7 33. Rxe7 Qc7 34. Re8 Rxe8 35. Bxe8 Qc4 36. Kg1 Qe4 37. Ba4 Ne3 38. g3 h5 39. Bc6 Qb1+ 40. Kf2 Ng4+ 41. Kg2 Qb3 42. Bf3 1/2-1/2

[Event "BEL Team Ch 9596"]
[Site "Antwerp BEL"]
[Date "1995.??.??"]
[Round "?"]
[White "Cuijpers, Frans A"]
[Black "Martens, Martin"]
[Result "1-0"]
[WhiteElo "2435"]
[BlackElo "2405"]
[PlyCount "103"]
[EventDate "1995.??.??"]
[Source "www.chesslib.no"]
[SourceDate "2004.05.04"]

1. e4 c5 2. Nf3 e6 3. d4 cxd4 4. Nxd4 a6 5. Bd3 Nf6 6. O-O d6 7. c4 g6 8. Nc3 Bg7 9. Be3 O-O 10. f4 e5 11. Nc2 exf4 12. Bxf4 Nc6 13. Kh1 Nh5 14. Be3 Be5 15. Qe1 Be6 16. Be2 Ng7 17. Rd1 f5 18. c5 Qb8 19. cxd6 Bxd6 20. Qh4 Be7 21. Qh6 fxe4 22. Nd4 Rxf1+ 23. Rxf1 Qe5 24. Nxe6 Qxe6 25. g4 Rf8 26. Rxf8+ Bxf8 27. Qf4 Bd6 28. Qxe4 Qxe4+ 29. Nxe4 Be5 30. Nc5 Bxb2 31. Nxb7 a5 32. Bb5 Ne5 33. h3 Bc3 34. Bb6 h5 35. gxh5 Nxh5 36. Bxa5 Bd4 37. Bd2 Ng3+ 38. Kg2 Ne4 39. Bb4 Kh7 40. a4 g5 41. a5 g4 42. h4 Ng6 43. Be1 Be5 44. Bc6 Nf4+ 45. Kf1 Nf6 46. a6 Bb8 47. Bf2 Ng6 48. Nd8 Kh6 49. Bb7 Ne7 50. Nc6 Nxc6 51. Bxc6 Kh5 52. Kg2 1-0

[Event "Sydney Mercantile"]
[Site "Sydney"]
[Date "1991.??.??"]
[Round "3"]
[White "Arakhamia Grant, Ketevan"]
[Black "Gedevanishvili, Dmitry"]
[Result "1-0"]
[WhiteElo "2440"]
[BlackElo "2400"]
[PlyCount "109"]
[EventDate "1991.04.??"]
[Source "ChessBase"]

1. e4 c5 2. Nf3 e6 3. d4 cxd4 4. Nxd4 a6 5. Bd3 Nf6 6. O-O d6 7. c4 g6 8. Nc3 Bg7 9. Be3 O-O 10. Qe2 b6 11. f3 Bb7 12. a4 Nbd7 13. a5 bxa5 14. Nb3 Rb8 15. Nxa5 Ba8 16. Qd2 Qc7 17. b4 d5 18. exd5 exd5 19. Bf4 Qa7+ 20. Kh1 Rbc8 21. c5 d4 22. Ne2 Nd5 23. Bd6 Ne5 24. Bxe5 Bxe5 25. Nc4 Bg7 26. Nb6 Ne3 27. Rfb1 Qe7 28. Nxa8 Rxa8 29. Rxa6 Rab8 30. Rd6 Be5 31. Rxd4 Bxd4 32. Nxd4 Rbe8 33. Be4 Nc4 34. Qc3 Ne5 35. b5 Ng4 36. Bc6 Nf2+ 37. Kg1 Nh3+ 38. gxh3 Qg5+ 39. Kf1 Re3 40. Qc2 Qf4 41. Rd1 Rd8 42. Be4 Qh4 43. Ne2 Re8 44. c6 R8xe4 45. fxe4 Rf3+ 46. Kg1 Qf2+ 47. Kh1 Rxh3 48. Rd8+ Kg7 49. Qb2+ f6 50. Rd7+ Kh6 51. Qd2+ g5 52. Rxh7+ Kxh7 53. Qd7+ Kg6 54. Qf5+ Qxf5 55. exf5+ 1-0

[Event "Budapest FS10 GM"]
[Site "Budapest"]
[Date "2002.10.08"]
[Round "4"]
[White "Seres, Lajos"]
[Black "Szieberth, Adam"]
[Result "1-0"]
[WhiteElo "2465"]
[BlackElo "2371"]
[PlyCount "59"]
[EventDate "2002.10.05"]
[Source "ChessBase"]
[SourceDate "2002.11.06"]

1. e4 c5 2. Nf3 e6 3. d4 cxd4 4. Nxd4 a6 5. Bd3 Nf6 6. O-O d6 7. c4 g6 8. Nc3 Bg7 9. Nf3 O-O 10. Bf4 d5 11. cxd5 exd5 12. e5 Nh5 13. Bg5 f6 14. exf6 Nxf6 15. Qb3 Kh8 16. Rad1 Nc6 17. Be4 Qe8 18. Bxd5 Nxd5 19. Nxd5 Bg4 20. Nc7 Qe4 21. Rfe1 Qf5 22. Rd5 Qc8 23. Nxa8 Bxf3 24. gxf3 Qxa8 25. Red1 h6 26. Bh4 b5 27. Bg3 Ne7 28. Rd7 Nf5 29. Qd5 Qe8 30. Rd8 1-0

[Event "BUL-FRA"]
[Site "BUL"]
[Date "1985.??.??"]
[Round "3"]
[White "Tringov, Georgi P"]
[Black "Renet, Olivier"]
[Result "1/2-1/2"]
[WhiteElo "2460"]
[BlackElo "2375"]
[PlyCount "132"]
[EventDate "1985.??.??"]
[Source "ChessBase"]

1. e4 c5 2. Nf3 e6 3. d4 cxd4 4. Nxd4 a6 5. Bd3 Nf6 6. O-O d6 7. c4 g6 8. Nc3 Bg7 9. Nb3 O-O 10. Be2 b6 11. Bf4 Ne8 12. Qd2 Ra7 13. Rfd1 Rd7 14. Qe3 Nc6 15. Na4 e5 16. Bg5 f6 17. Bh4 Rb7 18. f3 Bd7 19. Nc3 Ne7 20. Nd5 Nc8 21. Nd2 Nc7 22. b4 Ne6 23. Nb3 Qe8 24. c5 dxc5 25. bxc5 bxc5 26. Bxa6 Ra7 27. Bxc8 Bxc8 28. Nxc5 Nd4 29. Nb3 f5 30. exf5 Bxf5 31. Nxd4 exd4 32. Qxe8 Rxe8 33. Bf6 Be6 34. Bxd4 Bxd5 35. Bxa7 Bxa1 36. Rxd5 Ra8 37. Be3 Rxa2 38. h4 Bf6 39. h5 gxh5 40. Rxh5 Re2 41. Bf4 Kg7 42. Kh2 Kg6 43. Rh6+ Kg7 44. Kh3 Ra2 45. Rh5 Ra1 46. Kg4 Ra4 47. g3 Kg6 48. Rb5 Ra6 49. Bb8 Ra3 50. f4 h5+ 51. Kh3 h4 52. f5+ Kf7 53. Rb7+ Kg8 54. Kg4 hxg3 55. Bxg3 Ra6 56. Kh5 Rc6 57. Rd7 Kf8 58. Bf4 Ra6 59. Rb7 Rc6 60. Bh6+ Kg8 61. Bd2 Ra6 62. Bb4 Rc6 63. Rd7 Be5 64. Be7 Rc7 65. Rd8+ Kf7 66. Bg5 Bf6 1/2-1/2

[Event "Kladovo"]
[Site "?"]
[Date "1980.04.16"]
[Round "7"]
[White "Cabrilo Goran"]
[Black "Velikov Petar"]
[Result "1/2-1/2"]
[WhiteElo "2370"]
[BlackElo "2465"]
[PlyCount "65"]
[EventDate "1980.??.??"]
[Source "www.chesslib.no"]
[SourceDate "2004.05.04"]

1. e4 c5 2. Nf3 e6 3. d4 cxd4 4. Nxd4 a6 5. Bd3 Nf6 6. O-O d6 7. c4 g6 8. Nc3 Bg7 9. Re1 O-O 10. Bf1 b6 11. Bg5 Bb7 12. Qd2 Qc7 13. Rad1 Rc8 14. Nc2 Ne8 15. Bf4 Nd7 16. Bxd6 Nxd6 17. Qxd6 Bxc3 18. bxc3 Nc5 19. f3 Na4 20. Re3 Qxd6 21. Rxd6 Kf8 22. Kf2 Rd8 23. Rxd8+ Rxd8 24. Ke1 Nb2 25. Be2 Ke7 26. c5 bxc5 27. c4 Bc6 28. Rb3 Na4 29. e5 Rd7 30. Ne3 Rb7 31. Rxb7+ Bxb7 32. Kd2 Nb6 33. f4 1/2-1/2

[Event "RUS-chT"]
[Site "Orel"]
[Date "1997.??.??"]
[Round "?"]
[White "Maiorov, Oleg"]
[Black "Bragin, A."]
[Result "1-0"]
[WhiteElo "2435"]
[BlackElo "2395"]
[PlyCount "45"]
[EventDate "1997.??.??"]
[Source "www.chesslib.no"]
[SourceDate "2004.05.04"]

1. e4 c5 2. Nf3 e6 3. d4 cxd4 4. Nxd4 a6 5. Bd3 Nf6 6. O-O d6 7. c4 g6 8. Nc3 Bg7 9. Be3 O-O 10. Re1 Nbd7 11. f3 d5 12. exd5 exd5 13. Nb3 dxc4 14. Bxc4 b5 15. Bd5 Nxd5 16. Qxd5 Rb8 17. Rad1 Qc7 18. Qd2 Ne5 19. Nd5 Qb7 20. Nc5 Qa8 21. Bh6 Nc4 22. Qf4 Bxb2 23. Ne7+ 1-0

[Event "SWE-chT 0102"]
[Site "?"]
[Date "2001.10.12"]
[Round "1"]
[White "Lindberg Bengt"]
[Black "Hellsten Johan"]
[Result "1/2-1/2"]
[WhiteElo "2341"]
[BlackElo "2471"]
[PlyCount "74"]
[EventDate "2001.??.??"]
[Source "www.chesslib.no"]
[SourceDate "2004.05.04"]

1. e4 c5 2. Nf3 e6 3. d4 cxd4 4. Nxd4 a6 5. Bd3 Nf6 6. O-O d6 7. c4 g6 8. Nc3 Bg7 9. Nf3 O-O 10. Bf4 Nh5 11. Bg5 Qc7 12. Qd2 Nc6 13. Rfd1 Ne5 14. Nxe5 dxe5 15. Bf1 Bf6 16. g3 Rd8 17. Qxd8+ Bxd8 18. Bxd8 Qc6 19. Be7 Bd7 20. Rd6 Qc7 21. Rad1 Bc6 22. Bd8 Rxd8 23. Rxd8+ Kg7 24. R8d3 Nf6 25. Re3 Qb6 26. Rd2 g5 27. a3 a5 28. h3 h5 29. Bd3 Qc5 30. Kh2 g4 31. h4 Ne8 32. Nb5 a4 33. Ree2 Bxb5 34. cxb5 Nd6 35. Rc2 Qb6 36. Kg2 Nxb5 37. Bxb5 Qxb5 1/2-1/2

[Event "BL2-O 9192"]
[Site "GER"]
[Date "1992.??.??"]
[Round "?"]
[White "Borriss, Martin"]
[Black "Espig, Lutz"]
[Result "1/2-1/2"]
[WhiteElo "2395"]
[BlackElo "2415"]
[PlyCount "55"]
[EventDate "1991.10.??"]
[Source "www.chesslib.no"]
[SourceDate "2004.05.04"]

1. e4 c5 2. Nf3 e6 3. d4 cxd4 4. Nxd4 a6 5. Bd3 Nf6 6. O-O d6 7. c4 g6 8. b3 Bg7 9. Bb2 O-O 10. f4 b6 11. Qe2 Bb7 12. Nd2 Nc6 13. N2f3 Nxd4 14. Bxd4 Qc7 15. Qb2 Nh5 16. Bxg7 Nxg7 17. Rae1 Rfe8 18. Kh1 e5 19. Qd2 exf4 20. Qxf4 Ne6 21. Qh6 f6 22. Bb1 Nc5 23. Qf4 Qe7 24. b4 Nxe4 25. Bxe4 Bxe4 26. Nd2 f5 27. Nxe4 fxe4 28. Rxe4 1/2-1/2

[Event "EST-chT Club Cup Liga-2"]
[Site "Tallinn"]
[Date "2000.04.07"]
[Round "?"]
[White "Leito, P."]
[Black "Seeman, T."]
[Result "1/2-1/2"]
[WhiteElo "2377"]
[BlackElo "2428"]
[PlyCount "91"]
[EventDate "2000.04.07"]
[Source "www.chesslib.no"]
[SourceDate "2004.05.04"]

1. e4 c5 2. Nf3 e6 3. d4 cxd4 4. Nxd4 a6 5. Bd3 Nf6 6. O-O d6 7. c4 g6 8. Nc3 Bg7 9. Nde2 O-O 10. h3 Nbd7 11. Be3 b6 12. Rc1 Bb7 13. Ng3 Rc8 14. Qe2 Qc7 15. Rfd1 Rfe8 16. b3 Qb8 17. Qd2 Bc6 18. Bf1 Bf8 19. Bd4 b5 20. cxb5 axb5 21. b4 h5 22. Bd3 Ne5 23. Qe2 h4 24. Nf1 Nxd3 25. Qxd3 e5 26. Be3 Qb7 27. f3 Be7 28. Bf2 Nh5 29. Ne3 Nf4 30. Qd2 Bg5 31. Qe1 Qe7 32. Qf1 Ra8 33. Rc2 Reb8 34. Ncd5 Bxd5 35. Nxd5 Nxd5 36. Rxd5 Rc8 37. Qd3 Rxc2 38. Qxc2 Qe6 39. Qb3 Qc8 40. Be3 Bxe3+ 41. Qxe3 Rxa2 42. Rxd6 Qc2 43. Qg5 Qf2+ 44. Kh2 Ra1 45. Rxg6+ fxg6 46. Qxg6+ 1/2-1/2